Decolonization & Independence in Kenya, 1940-93 (Record no. 757)

MARC details
000 -LEADER
fixed length control field 01396cam a2200373 a 4500
001 - CONTROL NUMBER
control field 3923189
003 - CONTROL NUMBER IDENTIFIER
control field OSt
005 - DATE AND TIME OF LATEST TRANSACTION
control field 20230607083127.0
008 - FIXED-LENGTH DATA ELEMENTS--GENERAL INFORMATION
fixed length control field 920904s1995 ohu b 001 0 eng
010 ## - LIBRARY OF CONGRESS CONTROL NUMBER
LC control number 92021440
020 ## - INTERNATIONAL STANDARD BOOK NUMBER
International Standard Book Number 0821410504
020 ## - INTERNATIONAL STANDARD BOOK NUMBER
International Standard Book Number 0821410512 (pbk.)
040 ## - CATALOGING SOURCE
Original cataloging agency DLC
Transcribing agency DLC
Modifying agency DLC
043 ## - GEOGRAPHIC AREA CODE
Geographic area code f-ke---
050 00 - LIBRARY OF CONGRESS CALL NUMBER
Classification number DT433.58
Item number .D4 1995
082 00 - DEWEY DECIMAL CLASSIFICATION NUMBER
Classification number 967.62
Item number OGO
245 00 - TITLE STATEMENT
Title Decolonization & Independence in Kenya, 1940-93
Statement of responsibility, etc. [edited by] B.A. Ogot and W.R. Ochieng'.
246 3# - VARYING FORM OF TITLE
Title proper/short title Decolonization and independence in Kenya
260 ## - PUBLICATION, DISTRIBUTION, ETC. (IMPRINT)
Place of publication, distribution, etc. London :
Name of publisher, distributor, etc. J. Currey ;
Place of publication, distribution, etc. Athens :
Name of publisher, distributor, etc. Ohio University Press,
Date of publication, distribution, etc. 1995.
300 ## - PHYSICAL DESCRIPTION
Extent xviii, 270 p. ;
Dimensions 23 cm.
490 1# - SERIES STATEMENT
Series statement Eastern African studies
504 ## - BIBLIOGRAPHY, ETC. NOTE
Bibliography, etc Includes bibliographical references and index.
650 #0 - SUBJECT ADDED ENTRY--TOPICAL TERM
Topical term or geographic name as entry element Decolonization
Geographic subdivision Kenya
General subdivision History
Chronological subdivision 20th century.
651 #0 - SUBJECT ADDED ENTRY--GEOGRAPHIC NAME
Geographic name Kenya
General subdivision Politics and government
Chronological subdivision 1963-1978.
651 #0 - SUBJECT ADDED ENTRY--GEOGRAPHIC NAME
Geographic name Kenya
General subdivision Politics and government
Chronological subdivision 1978-
651 #0 - SUBJECT ADDED ENTRY--GEOGRAPHIC NAME
Geographic name Kenya
General subdivision Politics and government
Chronological subdivision To 1963.
651 #0 - SUBJECT ADDED ENTRY--GEOGRAPHIC NAME
Geographic name Kenya
General subdivision Colonial influence.
700 1# - ADDED ENTRY--PERSONAL NAME
Personal name Ogot, Bethwell A.
700 1# - ADDED ENTRY--PERSONAL NAME
Personal name Ochieng', William Robert,
Dates associated with a name 1943-
830 #0 - SERIES ADDED ENTRY--UNIFORM TITLE
Uniform title Eastern African studies (London, England)
906 ## - LOCAL DATA ELEMENT F, LDF (RLIN)
a 7
b cbc
c orignew
d 1
e ocip
f 19
g y-gencatlg
942 ## - ADDED ENTRY ELEMENTS (KOHA)
Source of classification or shelving scheme Dewey Decimal Classification
Koha item type Books
Holdings
Withdrawn status Lost status Source of classification or shelving scheme Damaged status Not for loan Home library Current library Date acquired Total Checkouts Full call number Barcode Date last seen Price effective from Koha item type
    Dewey Decimal Classification     Bunge Tower Library Bunge Tower Library 06/07/2023   967.62 OGO 10014315 06/07/2023 06/07/2023 Books
    Dewey Decimal Classification     Bunge Tower Library Bunge Tower Library 06/07/2023   967.62 OGO 10014314 06/07/2023 06/07/2023 Books
    Dewey Decimal Classification     Bunge Tower Library Bunge Tower Library 06/08/2023   967.62 OGO 100001407 06/08/2023 06/08/2023 Books
LIBRARY OPENING HOURS

When the Parliament is sitting: 8.00a.m - 7.00p.m or until the house adjourns
Mondays and Fridays and when the House is on Recess:  8.00a.m - 5.00p.m
Closed on Weekends and Public Holidays

Online Public Access Catalog (OPAC)
Website: http://www.parliament.go.ke
Bunge Library: https://libraryir.parliament.go.ke
Contact: library@parliament.go.ke | Tel no: (254-2)2221291 or 2848000 Ext 5043